| 000 | 00574nam a2200205Ia 4500 | ||
|---|---|---|---|
| 003 | OSt | ||
| 005 | 20251212151927.0 | ||
| 008 | 210707s1983 xx 000 0 und d | ||
| 040 | _cAL | ||
| 041 | _aKannada | ||
| 082 | _aK894.1 VINS | ||
| 100 |
_aVINAYAKA _dವಿನಾಯಕ (ವಿ.ಕೃ. ಗೋಕಾಕ) _9248990 |
||
| 245 |
_aSamudra gitagalu. _b ಸಮುದ್ರಗೀತೆಗಳು |
||
| 260 |
_aBengaluru _bVishva Kannada Sammelana _c1983 |
||
| 300 | _a120 p | ||
| 365 |
_b2 _cINR |
||
| 563 | _aPB | ||
| 650 |
_aKannada Poetry _9248991 |
||
| 942 |
_2ddc _cBK |
||
| 999 |
_c180129 _d180129 |
||